| 000 | 00985nam a2200277 i 4500 | ||
|---|---|---|---|
| 001 | bg | ||
| 003 | BPK | ||
| 005 | 20200630132815.0 | ||
| 008 | 981118s1985 pl a f f |000 0 pol | ||
| 015 | _aPB 1985/6482 | ||
| 020 | _a8301051256 | ||
| 040 |
_aWA N _cBPK |
||
| 041 | 0 | _apol | |
| 080 | _a624.012.45 | ||
| 080 | _a(075.8) | ||
| 100 | 1 |
_aStarosolski, Włodzimierz _d(1933- ) _eAutor |
|
| 245 | 1 | 0 |
_aKonstrukcje żelbetowe : _b[skrypt dla studentów wyższych szkół technicznych na kierunku budownictwa lądowego] / _cWłodzimierz Starosolski. |
| 260 |
_aWarszawa ; _aŁódź : _bPańst. Wydaw. Naukowe, _c1985. |
||
| 300 |
_a615 s. : _bfot., rys., wykr. ; _c25 cm. |
||
| 504 | _aBibliogr. przy rozdz. | ||
| 655 | 4 | _aPodręczniki akademickie | |
| 650 | 4 | _aKonstrukcje żelbetowe | |
| 710 | 2 |
_aPaństwowe Wydawnictwo Naukowe _4pbl. |
|
| 856 |
_uhttp://koha.tu.koszalin.pl/cgi-bin/koha/opac-detail.pl?biblionumber=1300 _yKatalog online BPK |
||
| 942 |
_2UKD _cKS |
||
| 999 |
_c1300 _d1300 |
||